LEADER 01277nam2-2200397li-450 001 990000182910203316 005 20180312154857.0 010 $a88-459-0719-8 035 $a0018291 035 $aUSA010018291 035 $a(ALEPH)000018291USA01 035 $a0018291 100 $a2001994071989-------y0itay0103----ba 101 0 $aita 102 $aIT 200 1 $aQED$ela strana teoria della luce e della materia$fRichard P. Feynman$g[traduzione di Francesco Nicodemi] 210 $aMilano$cAdelphi Edizioni$dcopyr. 1989 215 $a185 p.$cill.$d22 cm 225 2 $aBiblioteca scientifica$v12 312 $aTrad. di: the strange theory of light and matter. 410 0$10010018290$12001$aBiblioteca scientifica 610 1 $aelettrodinamica quantistica 676 $a53767$9. 700 1$aFeynman,$bRichard P.$046772 801 $aSistema bibliotecario di Ateneo dell' Universitą di Salerno$gRICA 912 $a990000182910203316 951 $a537.67 FEY$b0016027/CBS$c537.67$d00327487 959 $aBK 969 $aSCI 979 $c19940721 979 $c20001110$lUSA01$h1713 979 $c20020403$lUSA01$h1626 979 $aPATRY$b90$c20040406$lUSA01$h1613 979 $aRSIAV7$b90$c20090916$lUSA01$h1014 996 $aQED$934954 997 $aUNISA LEADER 01214nam 2200385 450 001 9910583098903321 010 $a0-12-815564-7 010 $a0-12-815563-9 035 $a(CKB)4100000004376117 035 $a(MiAaPQ)EBC5419755 035 $a(PPN)233902694 035 $a(EXLCZ)994100000004376117 100 $a20180620d2018 uy 0 101 0 $aeng 135 $aurcnu|||||||| 181 $ctxt$2rdacontent 182 $cc$2rdamedia 183 $acr$2rdacarrier 200 10$aPrinciples of applied reservoir simulation /$fJohn R. Fanchi 210 1$aCambridge, MA ;$aOxford, United Kingdom :$cGulf Professional Publishing, an imprint of Elsevier,$d[2018] 210 4$d©2018 215 $a1 online resource (374 pages) 606 $aOil fields$xComputer simulation 606 $aPetroleum$xGeology$xMathematical models 615 0$aOil fields$xComputer simulation. 615 0$aPetroleum$xGeology$xMathematical models. 676 $a622.33820113 700 $aFanchi$b John R.$0626447 801 0$bMiAaPQ 801 1$bMiAaPQ 801 2$bMiAaPQ 906 $aBOOK 912 $a9910583098903321 996 $aPrinciples of applied reservoir simulation$92252038 997 $aUNINA